00846nam a2200229 a 4500001000800000005001700008008004100025020001500066020001500081040001800096050001900114245015100133260010400284300002900388440001500417504002700432650005700459650003100516650003500547700001700582700001700599BRCA_4120190320202846.0910823s1992 enka---##b---#000-0#eng-# a0415064821 a0415070260 aDLCcDLCdDLC 4aAM5b.C66 199110aForward Planningba handbook of business, corporate and development planning for museums and galleriescedited by Timothy Ambrose and Sue Runyard. aLondres ; Nueva YorkbThe Conservation Unit of the Museums & Galleries Commission : Routledgec1991 axii, 171 p.bil.c24 cm. 0aPatrimonio aBibliografía: p. 17114aMuseosvManualesxAdministraciónzAmérica Latina14aMuseosvManualesxFinanzas14aMuseosvManualesxPlaneación1 aAmbrose, Tim1 aRunyard, Sue